000 00310nam a2200133Ia 4500
008 240624s9999 xx 000 0 und d
041 _aeng
082 _a920 GUL
100 _aGULZAR MEGHNA
245 _aBECAUSE HE IS
260 _c2004
_aNew Delhi
_bRupa and Company
300 _a192 : p.
365 _cRS
_b25
999 _c17562
_d17562